000 00704nam a22002177a 4500
999 _c186815
_d186815
005 20220317122506.0
010 _aENG-132021
020 _a9789355320704
_c895.00
035 _aEN-115553
037 _bDBAD
082 _a658.4092
100 _aHughes, Richard L.
245 _aLeadership/
_cRichard L. Hughes, Robert C. Ginnett and Gordon J. Curphy
250 _a9th Edition
260 _aChennai
_bMcGraw Hilll Education Private Limited
_c2021
270 _aAnjana Complex, No:5/90A, Butt Road, St. Thomas Mount
_bChennai
_e600016
300 _axvi, 768p.
_bIndex
_c24cm(pbk)
700 _aGinnett, Robert C.
700 _aCurphy, Gordon J.
942 _2ddc
_cEN
_h658.4092
_mHUG